The entrepreneurial instinct : (Record no. 20625)
[ view plain ]
| 000 -LEADER | |
|---|---|
| fixed length control field | 01411cam a22002775a 4500 |
| 001 - CONTROL NUMBER | |
| control field | 17254011 |
| 005 - DATE AND TIME OF LATEST TRANSACTION | |
| control field | 20201128021521.0 |
| 008 - FIXED-LENGTH DATA ELEMENTS--GENERAL INFORMATION | |
| fixed length control field | 120413t2013 nyu frb 001 0 eng d |
| 020 ## - INTERNATIONAL STANDARD BOOK NUMBER | |
| International Standard Book Number | 9780071797429 (alk. paper) |
| 020 ## - INTERNATIONAL STANDARD BOOK NUMBER | |
| International Standard Book Number | 0071797424 (alk. paper) |
| 040 ## - CATALOGING SOURCE | |
| Original cataloging agency | DLC |
| Transcribing agency | DLC |
| Modifying agency | DLC |
| -- | EG-ScBUE |
| Language of cataloging | eng |
| 082 04 - DEWEY DECIMAL CLASSIFICATION NUMBER | |
| Classification number | 658.11 |
| Edition number | 22 |
| Item number | MEH |
| 100 1# - MAIN ENTRY--PERSONAL NAME | |
| Personal name | Mehta, Monica. |
| 9 (RLIN) | 38682 |
| 245 14 - TITLE STATEMENT | |
| Title | The entrepreneurial instinct : |
| Remainder of title | how everyone has the innate ability to start a successful small business / |
| Statement of responsibility, etc | Monica Mehta. |
| 260 ## - PUBLICATION, DISTRIBUTION, ETC. (IMPRINT) | |
| Place of publication, distribution, etc | New York : |
| Name of publisher, distributor, etc | McGraw-Hill, |
| Date of publication, distribution, etc | c.2013. |
| 300 ## - PHYSICAL DESCRIPTION | |
| Extent | ix, 205 p. ; |
| Dimensions | 24 cm. |
| 500 ## - GENERAL NOTE | |
| General note | Index : p.199-205. |
| 504 ## - BIBLIOGRAPHY, ETC. NOTE | |
| Bibliography, etc | Bibliography : p.193-197. |
| 505 0# - FORMATTED CONTENTS NOTE | |
| Formatted contents note | How Sunil and Rita made millions -- Decoding the framework of the instinct-driven entrepreneur -- The entrepreneur's innate risk-taking edge -- The chemical that drives risk taking -- The personality traits of the self-made -- The source of fear -- Turning your red light off -- Take rewarding risks -- Launching a business with instinct -- Finding inspiration -- Create a cycle of productivity -- Shoot first, aim later -- Don't spend a dime -- Before you quit your job -- How beliefs define reality. |
| 650 #7 - SUBJECT ADDED ENTRY--TOPICAL TERM | |
| Topical term or geographic name as entry element | New business enterprises. |
| Source of heading or term | BUEsh |
| 9 (RLIN) | 239 |
| 650 #7 - SUBJECT ADDED ENTRY--TOPICAL TERM | |
| Topical term or geographic name as entry element | Entrepreneurship. |
| Source of heading or term | BUEsh |
| 9 (RLIN) | 240 |
| 650 #7 - SUBJECT ADDED ENTRY--TOPICAL TERM | |
| Topical term or geographic name as entry element | Small Business. |
| Source of heading or term | BUEsh |
| 9 (RLIN) | 253 |
| 651 ## - SUBJECT ADDED ENTRY--GEOGRAPHIC NAME | |
| Source of heading or term | BUEsh |
| 653 ## - INDEX TERM--UNCONTROLLED | |
| Resource For college | BAEPS, Business Administration |
| Arrived date list | August2015 |
| -- | November2015 |
| 942 ## - ADDED ENTRY ELEMENTS (KOHA) | |
| Source of classification or shelving scheme | Dewey Decimal Classification |
| Withdrawn status | Lost status | Source of classification or shelving scheme | Damaged status | Not for loan | Koha collection | Home library | Current library | Shelving location | Date acquired | Source of acquisition | Cost, normal purchase price | Serial Enumeration / chronology | Total Checkouts | Full call number | Barcode | Date last seen | Cost, replacement price | Koha item type |
|---|---|---|---|---|---|---|---|---|---|---|---|---|---|---|---|---|---|---|
| Dewey Decimal Classification | Baccah | Central Library | Central Library | First floor | 19/08/2015 | Purchase | 160.00 | 21758 | 658.11 MEH | 000039774 | 15/07/2025 | 200.00 | Book - Borrowing |